Southville International School and Colleges
Your cart is empty.
  • Cart
  • Lists
    Public lists Eva Luna New books Lux_list list_1
    Your lists Log in to create your own lists
  • Log in to your account
  • Your cookies
  • Search history
Southville International School and Colleges
  • Advanced search
  • Recent comments
  • Most popular
  • Libraries

Log in to your account

Log in with GOOGLE


If you do not have an external account, but do have a local account, you can still log in:

  1. Home
  2. MARC view: Understanting the political world :
Normal view MARC view ISBD view

Understanting the political world : (Record no. 14791)

[ view plain ]
MARC details
000 -LEADER
fixed length control field 00607nam a2200193 a 4500
003 - CONTROL NUMBER IDENTIFIER
control field PILC
005 - DATE AND TIME OF LATEST TRANSACTION
control field 20150112093442.0
008 - FIXED-LENGTH DATA ELEMENTS--GENERAL INFORMATION
fixed length control field 100713s19uu xx 00 eng d
020 ## - INTERNATIONAL STANDARD BOOK NUMBER
International Standard Book Number 0801332966
050 ## - LIBRARY OF CONGRESS CALL NUMBER
Classification number JA 66
Item number .D36 2001
082 ## - DEWEY DECIMAL CLASSIFICATION NUMBER
Classification number PSSF 320.22
Item number D23 2001
100 ## - MAIN ENTRY--PERSONAL NAME
Personal name Danziger, James N.
9 (RLIN) 20246
245 ## - TITLE STATEMENT
Title Understanting the political world :
Remainder of title a comprehensive introduction to political science /
250 ## - EDITION STATEMENT
Edition statement 5th ed.
260 ## - PUBLICATION, DISTRIBUTION, ETC. (IMPRINT)
Place of publication, distribution, etc New York :
Name of publisher, distributor, etc Addison Wesley Longman, Inc,
-- yz2001.
300 ## - PHYSICAL DESCRIPTION
Extent 487 pages :
Other physical details illustration ;
Dimensions 25 cm.
650 ## - SUBJECT ADDED ENTRY--TOPICAL TERM
Topical term or geographic name as entry element Political Science
9 (RLIN) 11476
942 ## - ADDED ENTRY ELEMENTS (KOHA)
Source of classification or shelving scheme Library of Congress Classification
Koha item type Books
Holdings
Withdrawn status Lost status Source of classification or shelving scheme Damaged status Home library Current library Shelving location Date acquired Total Checkouts Full call number Barcode Date last seen Copy number Price effective from Koha item type
    Library of Congress Classification   Southville International School Affiliated with Foreign Universities Library Southville International School Affiliated with Foreign Universities Library Southville Foreign University Section 09/16/2013   JA 66 .D36 2001 SFU0251 05/15/2018 1 09/16/2013 Books
    Library of Congress Classification   Southville International School Affiliated with Foreign Universities Library Southville International School Affiliated with Foreign Universities Library Southville Foreign University Section 09/16/2013   JA 66 .D36 2001 SFU0252 05/15/2018 2 09/16/2013 Books
    Library of Congress Classification   Southville International School Affiliated with Foreign Universities Library Southville International School Affiliated with Foreign Universities Library Southville Foreign University Section 09/16/2013   JA 66 .D36 2001 SFU0253 05/15/2018 3 09/16/2013 Books

Understanting the political world :

APA

Danziger J. N., .Understanting the political world. New York: Addison Wesley Longman, Inc.

Chicago

Danziger James N, .Understanting the political world. New York: Addison Wesley Longman, Inc.

Harvard

Danziger J. N., .Understanting the political world. New York: Addison Wesley Longman, Inc.

MLA

Danziger James N, .New York: Addison Wesley Longman, Inc. .

  • Place hold
  • Print
  • Cite
  • Add to your cart (remove)
  • Save record
    BIBTEX Dublin Core MARCXML MARC (non-Unicode/MARC-8) MARC (Unicode/UTF-8) MARC (Unicode/UTF-8, Standard) MODS (XML) RIS
  • More searches
    Search for this title in:
    Other Libraries (WorldCat) Other Databases (Google Scholar) Online Stores (Bookfinder.com) Open Library (openlibrary.org)

Exporting to Dublin Core...

SOUTHVILLE LIBRARY

Southville International School and Colleges Library

1281 Tropical Ave. Cor. Luxembourg St., BF Homes International, Las Pinas City

Tel. No. 8256374 / 252358 Loc. 117/146

Powered by Koha